Sports Quiz

Random Sports or NCAA Quiz

2012 NCAA Basketball Tournament Quiz Stats

Quiz Updated Mar 11, 2012

Challenge
Share
Tweet
Embed
Score 0/68 Timer 08:00
1 Play Today
Heading Team % Correct
SouthDuke
95.2%
MidwestNorth Carolina
95.1%
SouthKentucky
95.1%
MidwestMichigan
91.9%
MidwestKansas
91.4%
WestMichigan State
91.1%
WestFlorida
90.5%
MidwestOhio
89.3%
EastSyracuse
89.1%
EastOhio State
87.6%
EastFlorida State
83.1%
WestMissouri
79.6%
EastTexas
79.5%
SouthIndiana
79.4%
SouthConnecticut
76.8%
WestLouisville
76%
EastWisconsin
75.9%
EastKansas State
73.3%
MidwestGeorgetown
72.9%
SouthBaylor
72.5%
MidwestNorth Carolina State
69.8%
MidwestCalifornia
69.1%
MidwestAlabama
67.3%
SouthColorado
67.1%
WestVirginia
67.1%
EastVanderbilt
65.8%
EastGonzaga
65.3%
SouthIowa State
64.9%
WestMarquette
63.8%
WestNew Mexico
63.7%
SouthVCU
62.7%
EastHarvard
62.5%
SouthNotre Dame
62.3%
WestBYU
62.2%
Heading Team % Correct
EastCincinnati
62%
SouthUNLV
61.4%
EastWest Virginia
61.1%
MidwestPurdue
61.1%
SouthXavier
60.7%
WestMemphis
58.7%
MidwestTemple
54.2%
MidwestCreighton
53.3%
SouthWichita State
53.1%
MidwestSouth Florida
52%
MidwestSan Diego State
51.9%
WestIona
49.9%
SouthNew Mexico State
49.6%
WestMurray State
49.6%
SouthWestern Kentucky
48.1%
MidwestSt. Mary's
47.1%
WestColorado State
46.9%
WestSaint Louis
43.7%
EastMontana
43.6%
SouthLehigh
42.7%
MidwestVermont
42%
MidwestBelmont
38.4%
WestLong Beach State
37.4%
SouthSouth Dakota State
37.3%
WestDavidson
36.2%
MidwestDetroit
36.2%
EastSt. Bonaventure
36.1%
WestNorfolk State
35.7%
WestLIU Brooklyn
34.7%
EastUNC Asheville
33.5%
MidwestLamar
32%
EastSouthern Mississippi
31.2%
EastLoyola (MD)
28.4%
SouthMississippi Valley State
28.3%

You're not logged in!

Compare scores with friends on all Sporcle quizzes.
Sign Up with Email
OR
Log In

You Might Also Like...

Show Comments

Extras

Top Quizzes Today


Score Distribution

Your Account Isn't Verified!

In order to create a playlist on Sporcle, you need to verify the email address you used during registration. Go to your Sporcle Settings to finish the process.